00357nam a2200121Ia 4500008004100000040001700041041001200058082001600070100001700086245005800103260006300161300001100224230917s9999||||xx |||||||||||||| ||und|| e128151aMAIN aEnglish a342.54 R18F aRao, B Shiva 0aFraming of India's constitution: Select documents. 5V aNew DelhibIndian Institute of Public Administrationc1968 a775 p.